Statistics for Orange animals

Click here to take the quiz!

General Stats

  • This quiz has been taken 28 times
    (15 since last reset)
  • The average score is 7 of 8

Answer Stats

Answer% Correct
Fox
100%
Orangutan
100%
Tiger
100%
Clownfish
91%
Goldfish
91%
Red panda
91%
Guinea pig
73%
Red Squirrel
45%

Score Distribution

Percentile by Number Answered

Percent of People with Each Score

Your Score History

You have not taken this quiz since the last reset